[Event "Kuzbass-ch"]
[Site "Kemerovo"]
[Date "2010.10.27"]
[Round "6"]
[White "Fanaskov, Artem"]
[Black "Akentjev, Oleg"]
[Result "0-1"]
[WhiteElo "2037"]
[BlackElo "1834"]
[PlyCount "60"]
[EventDate "2010.10.23"]
[EventType "swiss"]
[EventRounds "9"]
[EventCountry "RUS"]
[SourceTitle "EXT 2011"]
[Source "ChessBase"]
[SourceDate "2010.11.26"]
[SourceVersion "1"]
[SourceVersionDate "2010.11.26"]
[SourceQuality "1"]

1. c4 e6 2. g3 f5 3. Bg2 Nf6 4. Nc3 Be7 5. d3 Nc6 6. e3 d6 7. Nge2 Bd7 8. 0-0 Rb8 9. e4 e5 10. f4 fxe4 11. Nxe4 0-0 12. fxe5 Nxe5 13. Nf4 Bg4 14. Qc2 Qd7 15. d4 Nc6 16. Be3 Bf5 17. h3 Nb4 18. Qb1 d5 19. Nxf6+ Rxf6 20. Qc1 c6 21. g4 Nd3 22. Nxd3 Bxd3 23. Rxf6 Bxf6 24. cxd5 cxd5 25. Qc5 Be4 26. Bxe4 dxe4 27. Qxa7 Qd6 28. Kf1 Rf8 29. Ke1 Bh4+ 30. Kd2 Qb4+ 0-1

[Event "Kuzbass-ch"]
[Site "Kemerovo"]
[Date "2010.10.23"]
[Round "1"]
[White "Grishenko, Vladimir"]
[Black "Fanaskov, Artem"]
[Result "1/2-1/2"]
[WhiteElo "2222"]
[BlackElo "2037"]
[PlyCount "45"]
[EventDate "2010.10.23"]
[EventType "swiss"]
[EventRounds "9"]
[EventCountry "RUS"]
[SourceTitle "EXT 2011"]
[Source "ChessBase"]
[SourceDate "2010.11.26"]
[SourceVersion "1"]
[SourceVersionDate "2010.11.26"]
[SourceQuality "1"]

1. Nf3 Nf6 2. c4 e6 3. g3 d5 4. d4 Nbd7 5. b3 Bb4+ 6. Bd2 Bxd2+ 7. Nbxd2 0-0 8. Bg2 c5 9. e3 Qe7 10. 0-0 Rd8 11. Qc2 cxd4 12. Nxd4 Ne5 13. N2f3 Nxf3+ 14. Nxf3 b6 15. Nd4 Bb7 16. cxd5 Nxd5 17. a3 Rac8 18. Qb2 h6 19. Rfc1 Qd7 20. b4 a6 21. Rxc8 Rxc8 22. Rc1 Rxc1+ 23. Qxc1 1/2-1/2

[Event "Kemerovo op 08"]
[Site "Kemerovo"]
[Date "2010.08.22"]
[Round "2"]
[White "Ermakov, Jan"]
[Black "Fanaskov, Artem"]
[Result "0-1"]
[WhiteElo "2193"]
[BlackElo "2037"]
[PlyCount "102"]
[EventDate "2010.08.21"]
[EventType "swiss"]
[EventRounds "9"]
[EventCountry "RUS"]
[SourceTitle "CBM 138 Extra"]
[Source "ChessBase"]
[SourceDate "2010.10.29"]
[SourceVersion "1"]
[SourceVersionDate "2010.10.29"]
[SourceQuality "1"]

1. c4 e6 2. Nc3 d5 3. cxd5 exd5 4. d4 c6 5. Nf3 Bd6 6. Bg5 Qb6 7. Qd2 Bf5 8. e3 Nd7 9. Be2 Ngf6 10. 0-0 Ne4 11. Nxe4 Bxe4 12. a3 0-0 13. Bh4 Bxf3 14. Bxf3 f5 15. b4 Rae8 16. Rab1 Qc7 17. Bg3 f4 18. exf4 Bxf4 19. Qc3 Nb6 20. b5 Nc4 21. Rfd1 Rf7 22. bxc6 bxc6 23. Re1 Nd2 24. Red1 Nxb1 25. Rxb1 Bxg3 26. hxg3 Qd6 27. Rc1 Re6 28. Bg4 Ref6 29. Bf3 Qe7 30. Qa5 Re6 31. Qa6 Re1+ 32. Rxe1 Qxe1+ 33. Kh2 Qe6 34. g4 Qf6 35. Kg3 Qd6+ 36. Kh3 Qh6+ 37. Kg3 Rf8 38. g5 Qxg5+ 39. Kh3 Qh6+ 40. Kg3 Qd6+ 41. Kh3 g5 42. Bh5 Qh6 43. Qe2 Qf6 44. Qe3 Kh8 45. Qe5 Qxe5 46. dxe5 Rf5 47. e6 Re5 48. Bg4 Kg7 49. g3 Kf6 50. f4 gxf4 51. gxf4 Rxe6 0-1

[Event "Kemerovo-ch"]
[Site "Kemerovo"]
[Date "2010.03.21"]
[Round "9"]
[White "Kuznetsov, Petr"]
[Black "Fanaskov, Artem"]
[Result "0-1"]
[WhiteElo "2020"]
[BlackElo "2039"]
[PlyCount "66"]
[EventDate "2010.03.15"]
[EventType "swiss"]
[EventRounds "9"]
[EventCountry "RUS"]
[SourceTitle "CBM 135 Extra"]
[Source "ChessBase"]
[SourceDate "2010.05.04"]
[SourceVersion "1"]
[SourceVersionDate "2010.05.04"]
[SourceQuality "1"]

1. Nf3 Nf6 2. c4 e6 3. g3 d5 4. Bg2 c6 5. b3 Qb6 6. 0-0 Be7 7. d4 dxc4 8. bxc4 0-0 9. Nc3 Rd8 10. Rb1 Qa6 11. Qb3 Nbd7 12. e4 Nf8 13. e5 N6d7 14. Bg5 Bxg5 15. Nxg5 c5 16. Bxb7 Bxb7 17. Qxb7 Qxc4 18. Nce4 Rdb8 19. Qc7 Rxb1 20. Rxb1 Qxa2 21. Re1 h6 22. Nxf7 Kxf7 23. dxc5 Kg8 24. c6 Qd5 25. cxd7 Qxd7 26. Qc1 Qd5 27. Qf4 Ng6 28. Qg4 Kh7 29. f4 Rb8 30. Qe2 Qd4+ 31. Qf2 Qb4 32. Nd6 a5 33. h4 Qc3 0-1

[Event "Kemerovo-ch"]
[Site "Kemerovo"]
[Date "2010.03.15"]
[Round "1"]
[White "Fanaskov, Artem"]
[Black "Cheremnova, Tamara"]
[Result "1/2-1/2"]
[WhiteElo "2039"]
[BlackElo "2245"]
[PlyCount "60"]
[EventDate "2010.03.15"]
[EventType "swiss"]
[EventRounds "9"]
[EventCountry "RUS"]
[SourceTitle "CBM 135 Extra"]
[Source "ChessBase"]
[SourceDate "2010.05.04"]
[SourceVersion "1"]
[SourceVersionDate "2010.05.04"]
[SourceQuality "1"]

1. d4 d5 2. c4 e6 3. Nc3 c6 4. e3 Nf6 5. Nf3 Nbd7 6. Bd3 dxc4 7. Bxc4 b5 8. Bd3 Bb7 9. 0-0 a6 10. Qe2 c5 11. Rd1 Qb6 12. b3 Be7 13. Bb2 0-0 14. Rac1 Rfd8 15. Bb1 Rac8 16. h3 cxd4 17. Nxd4 Bc5 18. Nf3 e5 19. Nd2 Qe6 20. Nce4 Bb6 21. Rxc8 Rxc8 22. Nxf6+ Nxf6 23. Nf3 e4 24. Nd2 Rd8 25. Bxf6 gxf6 26. Nf1 Rxd1 27. Qxd1 f5 28. Qh5 Bc7 29. Ng3 Bxg3 30. fxg3 Qg6 1/2-1/2

[Event "Kemerovo op 08"]
[Site "Kemerovo"]
[Date "2009.08.26"]
[Round "7"]
[White "Medvedev, Emelian"]
[Black "Fanaskov, Artem"]
[Result "1-0"]
[WhiteElo "2066"]
[BlackElo "1998"]
[PlyCount "79"]
[EventDate "2009.08.22"]
[EventType "swiss"]
[EventRounds "9"]
[EventCountry "RUS"]
[SourceTitle "EXT 2012"]
[Source "ChessBase"]
[SourceDate "2011.11.24"]
[SourceVersion "1"]
[SourceVersionDate "2011.11.24"]
[SourceQuality "1"]

1. d4 Nf6 2. c4 e6 3. Nc3 Bb4 4. Nf3 b6 5. g3 Bb7 6. Bg2 0-0 7. 0-0 Bxc3 8. bxc3 d6 9. Bg5 Nbd7 10. Nd2 Bxg2 11. Kxg2 h6 12. Bxf6 Qxf6 13. e4 e5 14. Nb3 Qg6 15. f3 a5 16. Qd3 a4 17. Nd2 Rfd8 18. Kh1 h5 19. f4 c6 20. Qe3 Rab8 21. Nf3 b5 22. Nh4 Qe6 23. d5 cxd5 24. cxd5 Qe8 25. c4 f6 26. Rg1 Nf8 27. g4 Nh7 28. gxh5 Qxh5 29. Ng6 Ng5 30. Ne7+ Kh7 31. Nc6 Rdc8 32. Rg3 Qh4 33. Nxb8 Rxb8 34. Rag1 Qxf4 35. Qe2 Qh4 36. Rg4 Qh6 37. Qf2 Nh3 38. Qg3 b4 39. Rxg7+ Kh8 40. Rg8+ 1-0

[Event "Kemerovo-ch"]
[Site "Kemerovo"]
[Date "2009.03.21"]
[Round "8"]
[White "Fanaskov, Artem"]
[Black "Koltsov, Evgeny"]
[Result "0-1"]
[WhiteElo "1917"]
[BlackElo "2243"]
[PlyCount "68"]
[EventDate "2009.03.16"]
[EventType "swiss"]
[EventRounds "9"]
[EventCountry "RUS"]
[SourceTitle "EXT 2010"]
[Source "ChessBase"]
[SourceDate "2010.11.25"]
[SourceVersion "1"]
[SourceVersionDate "2010.11.25"]
[SourceQuality "1"]

1. d4 d5 2. c4 c6 3. Nc3 Nf6 4. Nf3 dxc4 5. a4 Bf5 6. e3 e6 7. Bxc4 Bb4 8. 0-0 0-0 9. Qe2 Bg6 10. Ne5 Nbd7 11. Nxg6 hxg6 12. Rd1 Qe7 13. e4 e5 14. d5 Rfd8 15. Na2 cxd5 16. exd5 Nb6 17. Bg5 Rac8 18. Bb3 a6 19. h3 Rd7 20. Bxf6 gxf6 21. Qg4 Bd6 22. a5 f5 23. Qe2 Na8 24. Rac1 Rdc7 25. g4 fxg4 26. Rxc7 Nxc7 27. Qxg4 Rf8 28. h4 Kg7 29. h5 Rh8 30. hxg6 Rh4 31. Qg2 f5 32. Rd3 e4 33. Rh3 Rxh3 34. Qxh3 Qg5+ 0-1